000 00911nam a2200349Ia 4500
001 10345
005 20240113235217.0
007 ta
008 050802s1988 g b000 u eng u
040 _aCotton College,Assam
041 _aeng
082 _a338.9
_bVa 19 In
100 _aVaish, M.C..
245 0 _aInternational Economics /
_cM.C.Vaish & Sudama Singh.
_hTextual Documents
250 _a5th ed. /
260 _aNew Delhi :
_bOxford & IBH Publishing Co.Pvt. Ltd. ,
_c1988.
300 _axii,486p. ;
_c22cm.
504 _aSubject Index
653 _aEconomics-World
653 _aWorld Economics
653 _aMS-Economics
653 _aG-Economics
653 _aPG-Economics
653 _aT/G-Economics
700 _aSingh, Sudama .
942 _2ddc
_cBK
999 _c10332
_d10332